000 01682cam a2200289 4500500
005 20250921012330.0
041 _afre
042 _adc
100 1 0 _aGeorget, Patrice
_eauthor
245 0 0 _aLa persuasion publicitaire : application des modèles théoriques de la psychologie sociale
260 _c2005.
500 _a4
520 _aRésuméDepuis les années 80, les modèles de la persuasion développés en psychologie sociale ont été appliqués à la réception des messages publicitaires. Cet article constitue à la fois une revue de question destinée à dresser le panorama et les limites des principaux résultats obtenus dans la recherche académique, puis une tentative d’application pour les praticiens qui souhaitent prendre en compte les apports de la recherche.
520 _aSince the Eighties, the theories of persuasion developed in social psychology were applied to the reception of the advertisements. This article gives at the same time a review of question intended to draw up the panorama and limits of the principal results gained in academic research, then an attempt at application intended for the experts who wish to take into account the contributions of research.
690 _aapplication
690 _amodèle
690 _apersuasion
690 _apsychologie sociale
690 _apublicité
690 _aadvertising
690 _aapplication
690 _amodel
690 _apersuasion
690 _asocial psychology
786 0 _nMarketing & Communication | 5 | 1 | 2005-03-01 | p. 27-46 | 1779-3572
856 4 1 _uhttps://shs.cairn.info/revue-market-management-2005-1-page-27?lang=fr&redirect-ssocas=7080
999 _c1510193
_d1510193